| 000 | 01509cam a2200361 a 4500 | ||
|---|---|---|---|
| 001 | philosophybasici00klemrich | ||
| 003 | CaSfIA | ||
| 005 | 20210118210117.0 | ||
| 007 | cr|||| | ||
| 008 | 881006s1990 nyu b 001 0 eng | ||
| 010 | _a 88063064 | ||
| 040 |
_aDLC _cDLC _dOCLCG _dYDXCP _dCaSfIA |
||
| 020 | _a031202133X | ||
| 020 | _a9780312021337 | ||
| 035 | _a(OCoLC)21294295 | ||
| 050 | 0 | 0 |
_aB29 _b.P52559 1990 |
| 082 | 0 | 0 |
_a100 _220 |
| 245 | 0 | 0 |
_aPhilosophy : _h[electronic resource] _bthe basic issues / _cedited by E.D. Klemke, A. David Kline, Robert Hollinger. |
| 250 | _a3rd ed. | ||
| 260 |
_aNew York : _bSt. Martin's Press, _cc1990. |
||
| 300 |
_ax, 598 p. ; _c24 cm. |
||
| 504 | _aIncludes bibliographical references and index. | ||
| 650 | 0 | _aPhilosophy. | |
| 700 | 1 |
_aKlemke, E. D. _q(Elmer Daniel), _d1926-2000. |
|
| 700 | 1 | _aKline, A. David. | |
| 700 | 1 | _aHollinger, Robert. | |
| 856 | 4 | 1 |
_uhttp://www.archive.org/details/philosophybasici00klemrich _zFree eBook from the Internet Archive |
| 856 | 4 | 2 |
_uhttp://www.openlibrary.org/books/OL2065950M _zAdditional information and access via Open Library |
| 029 | 1 |
_aAU@ _b000007258399 |
|
| 942 | _cEB | ||
| 506 | _fНеобхідна авторизація на https://archive.org/ (створення облікового запису безкоштовно) | ||
| 506 | _fНеобхідна авторизація на https://openlibrary.org/ (створення облікового запису безкоштовно) | ||
| 999 |
_c536285 _d536285 |
||